000 01433nam a22002057a 4500
003 BDDh-ASL
005 20231015031320.0
008 201031s2020 b ||||| |||| 00| 0 b d
040 _aBDDh-ASL
_cBDDh-ASL
041 _abengali
082 _a920.72
_bTIN
245 0 0 _aতিনি বিদুষী ছিলেন হিতৈষী:
_bমমতাজ বেগম বকুল স্মারকগ্রন্থ /
_cমোঃ রফিকুল আলম খন্দকার ও অন্যান্য (সম্পা.)।
246 _aTini Bidushi Chhilen Hitoishi: Momtaz Begum Sharokgrantho.
260 _aজামালপুর:
_bঅনন্ত প্রকাশনী,
_c২০২০।
300 _a২০৮ পৃষ্ঠা:
_c২২ সে. মি.
_bরঙিন ছবি;
600 1 0 _aবকুল, মমতাজ বেগম
_97942
650 0 _aCommemoration Volume (স্মারকগ্রন্থ), Memoirs, স্মারকগ্রন্থ, Smārakagrantha, Souvenir, স্মরণিক, স্মারকগ্রন্থ, স্মৃতিকথা, Smr̥tikathā, Memoirs, Reminiscences, স্মরণিকা, Smaraṇikā, Souvenir, স্যুভেনির, অভিজ্ঞান, Syubhēnira, so͞ovəˈnir, memorial, souvenir, remembrancer
_94668
700 1 _aখন্দকার, মোঃ রফিকুল আলম
_97943
942 _2ddc
_cBK
999 _c31798
_d31798